000 00570nam a2200205Ia 4500
005 20250923150057.0
008 008 250917s9999 xx 000 0 eng d
037 _aTextual
040 _aDSWL
_beng
_cDSWL
041 _aeng
_2eng
084 _aYX,b, N99
_qDSWL
100 _aSevel, Judith
_9841964
245 0 _aSocial work skills demonstrated
_c by JudithSevel
260 _aBoston
_bAllyn & Bacon Publication
_c1999
300 _a168p.
365 _aINR
_b20011.8
925 _g20011.8
942 _cTEXL
_hYX,b, N99
999 _c1459293
_d1459293